UBT Library

Krahasimi dhe kontrollimi i trafikut ne teknologjine MPLS dhe IP (Record no. 46156)

000 -LEADER
fixed length control field 00310nam a22001217a 4500
008 - FIXED-LENGTH DATA ELEMENTS--GENERAL INFORMATION
fixed length control field 180522b xxu||||| |||| 00| 0 eng d
041 ## - LANGUAGE CODE
Language code of text/sound track or separate title eng
080 ## - UNIVERSAL DECIMAL CLASSIFICATION NUMBER
Universal Decimal Classification number 043.3
100 ## - Rafti
Rafti 0
101 ## - Shkurtesa
Shkurtesa SHKI-MA
245 ## - TITLE STATEMENT
Title Krahasimi dhe kontrollimi i trafikut ne teknologjine MPLS dhe IP
Statement of responsibility, etc Kapiti, Xh
942 ## - ADDED ENTRY ELEMENTS (KOHA)
Source of classification or shelving scheme
Item type Books
Holdings
Withdrawn status Lost status Source of classification or shelving scheme Damaged status Not for loan Collection code Permanent location Current location Shelving location Date acquired Total Checkouts Full call number Barcode Date last seen Price effective from Koha item type
          Koleksioni i përgjithshem UBT - Lipjan UBT - Lipjan Disertacionet 05/22/2018   043.3 Kapiti, Xh 2018 002-3009007 05/22/2018 05/22/2018 Books
          Koleksioni i përgjithshem UBT - Lipjan UBT - Lipjan Disertacionet 05/22/2018   043.3 Kapiti, Xh 2018 002-3008985 05/22/2018 05/22/2018 Books
UBT Library © 2015-2024. All rights reserved University Education for Business and Technology